| 000 | 00905nam a2200265Ia 4500 | ||
|---|---|---|---|
| 003 | OSt | ||
| 005 | 20221005105126.0 | ||
| 006 | a|||||r|||| 00| 0 | ||
| 007 | ta | ||
| 008 | 221004b |||||||| |||| 00| 0 hin d | ||
| 020 |
_a9788181664624 (hbk) _cIndian Rupees 400 |
||
| 024 | _a40563 | ||
| 037 |
_bGift, 24/10/2018, _cTextual |
||
| 040 |
_aCRL _cCRL _bhin |
||
| 041 |
_2hin _ahin |
||
| 082 | _aO152,4NBUx, Q2 | ||
| 100 | _aबुधवार, कैलाश, ले. | ||
| 245 | 0 | _aलंदन के पत्र | |
| 246 | _aLandan ke patra | ||
| 260 |
_aदिल्ली _bूमेधा बुक्स भारत _c2012 |
||
| 650 | _a हिन्दी साहित्य | ||
| 650 | _aहिन्दी पत्र | ||
| 942 |
_hO152,4NBUx, Q2 _cTEXL _2cc |
||
| 999 |
_c1014842 _d1014842 |
||